| 000 | 00867nam a22002177a 4500 | ||
|---|---|---|---|
| 999 |
_c16188 _d16188 |
||
| 008 | 210618b ||||| |||| 00| 0 eng d | ||
| 020 | _a9786210400953 | ||
| 082 |
_22020 _aDFil 378.12 _bF118 |
||
| 100 |
_aBulusan, Ferdinand, _dauthor. _943353 |
||
| 245 |
_aFacilitating learner-centered teaching/ _cFerdinand Bulusan, Marcelo R. Raquepo, Marilyn L. Balmeo, Joselito C. Gutierrez, Authors. |
||
| 250 | _aFirst Edition. | ||
| 260 |
_aManila, Philippines: _bRex Bookstore, _c©2020. |
||
| 300 |
_aiii, 151 pages: _billustrations; _c25 cm. |
||
| 500 | _aIncludes bibliographical references and index. | ||
| 650 |
_aLearning, Psychology of. _943354 |
||
| 650 |
_aCollege teaching. _932443 |
||
| 700 |
_aRaquepo, Marcelo R., _bauthor _943355 |
||
| 700 |
_aBalmeo, Marilyn L., _bauthor. _943356 |
||
| 700 |
_aGutierrez, Joselito C., _bauthor. _943357 |
||
| 942 |
_2ddc _cDFIL |
||